000 00503pab a2200169 454500
008 180718b2005 xxu||||| |||| 00| 0 eng d
100 _aBanerjee, Aspita
245 _aAn analysis of the growth of manufacturing sector in West Bengal (1977-1988)
260 _c2005
300 _ap.387-408.
362 _aJan
650 _aManufacturing industry - India - West Bengal
650 _aManufacturing industry
700 _aChakraborty, Debesh
773 _aIndian Journal of Economics
909 _a66511
999 _c66511
_d66511